000 02278nam a2200397 4500
001 113901
003 DR-UNIBE
005 20260423111343.0
008 9789945451054
040 _aBIBLIOTECA UNIBE
_cBIBLIOTECA UNIBE
_erda
041 _aspa
082 _aRD 972.93 C667i
245 0 0 _aAportes de los cocolos a la identidad nacional dominicana /
_cFrank Moya Pons [y otros once]
260 _aSanto Domingo :
_bMinisterio de Relaciones Exteriores,
_c2024
300 _a304 páginas :
_bilustraciones
505 _a1. Los cocolos ¿cuántos fueron? | 2. Macorís, la provincia Cocola | 3. Los cocolos en Santo Domingo | 4. Migraciones caribeñas de las colonias inglesas hacia República Dominicana: procesos raciales y el impacto de las ideas de Garvey (1872-1950) | 5. Aproximación historiográfica a los cocolos | 6. En torno a la recepción de los cocolos en la República Dominicana | 7. La palabra “cocolo”: una africanía encubierta | 8. Garveyismo y racismo en el Caribe: El caso de la población cocola en la República Dominicana | 9. El aporte de los cocolos a la cultura de San Pedro de Macorís | 10. Momise, Guloyas e indios en el accionar conducente de Teophilus Chiverton (Primo) | 11. Los guloyas, un aporte de los cocolos a la identidad cultural dominicana |
650 7 _2lemb
_aMigración de pueblos
_zEl Caribe
_9204315
650 7 _2lemb
_aIdentidad cultural
650 7 _2lemb
_aCultura
_zEl Caribe
_9204316
651 7 _2lemb
_aRepública Dominicana
_xHistoria
_91416
653 0 _aHistoriografía
653 0 _aAportes culturales
700 _aMoya Pons, Frank,
_q(Moya Pons, Rafael Francisco),
_d1944-
_eautor
_9199245
700 _aCastillo Pichardo, José del
_eautor
_9197519
700 _aInoa, Orlando
_933141
_eautor
700 _aRosario Fernández, Reina
_987474
_eautor
700 _aJarvis Luis, Rafael
_931516
_eautor
700 _a Bryan, Patrick
_eautor
_9197520
700 _aGuerrero, José
_9124519
_eautor
700 _aGarcía Muñiz, Humberto
_984878
_eautor
700 _a Giovannetti-Torres, Jorge L.
_eautor
_9197521
700 _aMota Acosta, Julio César
_9155920
_eautor
700 _aCabrera, Enrique
_eautor
_9197522
700 _aStanley, Avelino,
_d1959-
_931876
_eautor
942 _2ddc
_cBK
999 _c113901
_d113901